000 00610nam a2200193Ii 4500
003 JO-AjNU
008 230605s9999||||xx |||||||||||||| ||und||
040 _aJO-AjNU
_bara
_erda
_cJO-AjNU
041 _aara
050 1 4 _aQR46.J32 1990
100 3 _aالجبوري ، محيميد مدالله,
_eauthor
_936545
245 0 0 _aعلم البكتيريا الطبيه
264 3 1 _aبغداد:جامعة الموصل ، 1990
300 _a386ص
336 _atext
_btxt
_2rdacontent
337 _aunmediated
_bn
_2rdamedia
338 _avolume
_bnc
_2rdacarrier
650 4 _aالبكتيريا - علم
_936546
999 _aA15193
_c18761
_d18761